Riadenie bezkefkového motora

Na minha lista:
Detalhes bibliográficos
Autor principal: Bachratý, Marek (Author)
Outros Autores: Kubinec, Peter (Thesis advisor)
Formato: Manuscrito Livro
Idioma:eslovaco
Publicado em: 2016
Assuntos:
Acesso em linha:http://is.stuba.sk/zp/portal_zp.pl?podrobnosti=131082
Tags: Adicionar Tag
Sem tags, seja o primeiro a adicionar uma tag!

MARC

LEADER 00000ntm a22000003a 4500
001 stuzp54289
003 SK-STU
005 20160721130143.8
007 ta
008 150427s2015----xo-----f-mn---000-0-slo-d
040 |a STU  |b slo 
041 0 |a slo 
044 |a xo 
100 1 |a Bachratý, Marek  |u 033000  |4 aut  |U FEI Fakulta elektrotechniky a informatiky  |T FEI Ústav elektroniky a fotoniky  |X 5526  |U E030  |Y 549  |7 A000005526 
242 0 1 |a Control brushless motor  |y eng 
245 1 0 |a Riadenie bezkefkového motora 
260 |c 2016 
300 |a 77 s., príl.,  |b CD-ROM 
650 4 |a BLDC motor  |2 slo 
650 4 |a Diferenčný zosilňovač  |2 slo 
650 4 |a Rotor  |2 slo 
650 4 |a BLDC motor  |2 eng 
650 4 |a Differential amplifier  |2 eng 
650 4 |a Rotor  |2 eng 
700 1 |a Kubinec, Peter  |u 033000  |k Z1  |4 ths  |U FEI Fakulta elektrotechniky a informatiky  |T FEI Ústav elektroniky a fotoniky  |X 2052  |U E030  |Y 549  |7 A000002052 
856 4 |u http://is.stuba.sk/zp/portal_zp.pl?podrobnosti=131082 
996 |b 284EP11354  |c E*DIPL- 11354  |l EE33  |s P  |a 0  |w stuzp54289_0001 
SQL |a stuzp54289  |b DDP  |c SLO  |d Riadenie bezkefkového motora  |e 5526  |f Bachratý, Marek  |g 033000  |h 2052  |i Kubinec, Peter  |j 20160617  |k 1172  |l 03  |m http://is.stuba.sk/zp/portal_zp.pl?podrobnosti=131082  |n I-EN  |o 5.2.13. elektronika